Statistics for WWE United States Champions (up to Dec 2023)

Click here to take the quiz!

General Stats

  • This quiz has been taken 1,971 times
    (509 since last reset)
  • The average score is 49 of 102

Answer Stats

Title ReignsLast WonChampion% Correct
52015John Cena
95%
32023Rey Mysterio
94%
22022Seth Rollins
93%
12023Logan Paul
88%
22010The Miz
88%
12013Dean Ambrose
87%
12016Roman Reigns
86%
32017Kevin Owens
85%
12018Randy Orton
85%
32022Bobby Lashley
84%
22022Austin Theory
81%
32019AJ Styles
78%
22017Chris Jericho
78%
12001Edge
77%
12018Jeff Hardy
77%
32021Sheamus
77%
12008Matt Hardy
76%
12003The Big Show
76%
22017Dolph Ziggler
75%
51996Ric Flair
75%
32013Kofi Kingston
74%
22003Eddie Guerrero
72%
22016Alberto Del Rio
69%
12022Finn Balor
69%
52010Bret Hart
67%
52006Chris Benoit
67%
12010Daniel Bryan
67%
32018Rusev
67%
22019Shinsuke Nakamura
67%
11999David Flair
66%
21994Steve Austin
66%
22009MVP
65%
12001Kurt Angle
64%
42006Booker T
63%
12018Jinder Mahal
63%
12006John Bradshaw Layfield
63%
22019R-Truth
63%
11987Dusty Rhodes
60%
12021Damian Priest
59%
21993Dustin Rhodes
59%
22019Samoa Joe
55%
12012Antonio Cesaro
54%
12004Carlito
54%
12012Jack Swagger
54%
12008Shelton Benjamin
54%
12018Bobby Roode
53%
12019Ricochet
53%
12021Riddle
52%
21999Goldberg
51%
22016Kalisto
51%
21995Sting
49%
12012Santino Marella
48%
12011Zack Ryder
47%
12020Apollo Crews
46%
12017Baron Corbin
46%
21999Scott Hall
46%
12005Orlando Jordan
43%
12006Finlay
42%
12019Andrade
41%
51998Lex Luger
39%
41994Ricky Steamboat
39%
22000Scott Steiner
38%
12001Rick Steiner
37%
12006Mr. Kennedy
35%
21998Diamond Dallas Page
34%
31999Roddy Piper
34%
12001Rhyno
33%
11997Dean Malenko
32%
32000Lance Storm
30%
11991Rick Rude
30%
11975Harley Race
29%
32000Jeff Jarrett
29%
12001Tajiri
28%
11994Vader
28%
11983Dick Slater
27%
11998Raven
27%
11999Sid Vicious
26%
12001Chris Kanyon
25%
21982Sgt. Slaughter
25%
11997Curt Hennig
23%
11979Jimmy Snuka
22%
21983Greg Valentine
21%
11975Johnny Valentine
21%
22000Terry Funk
21%
11996Konnan
20%
12001Shane Douglas
20%
11994Hacksaw Jim Duggan
18%
11985Tully Blanchard
18%
21985Magnum T.A.
17%
11989Michael Hayes
16%
11986Nikita Koloff
16%
51984Wahoo McDaniel
16%
11988Barry Windham
15%
22000Gen. Rection
15%
11997Steve McMichael
15%
11995One Man Gang
14%
11978Mr. Wrestling
13%
31978Blackjack Mulligan
12%
21976Paul Jones
12%
11977Bobo Brazil
11%
11990Stan Hansen
11%
11995Kensuke Sasaki
9%

Score Distribution

Percentile by Number Answered

Percent of People with Each Score

Your Score History

You have not taken this quiz since the last reset